00303nam a22001097a 4500020001500000040000900015082001800024100002200042245006700064260003500131650002700166 a0070240620 cNust a621.3848bGOU aFredrick L. Gould aRadar for technicians bInstallation, maintenance, and repair  aNew York:bMcGraw Hill,c1995. aRadar for technicians